000 00396nam a22001577a 4500
005 20260331124516.0
008 260331b |||||||| |||| 00| 0 eng d
041 _aeng
082 _a342.5406 BAR-R
100 _aBARE ACT
245 _aTHE RIGHT TO INFORMATION ACT, 2005 [22 OF 2005]
260 _aDELHI
_bPROFESSIONAL BOOK PUBLISHERS
_c2026
300 _a71;P
650 _aLAW
942 _cBK
999 _c9108
_d9106